000 01470cam a2200349 a 4500
999 _c8029
_d8029
001 1635755
003 OSt
005 20220912141447.0
008 960708s1997 nyua b 001 0 eng c
010 _a 96032804
020 _a0824797302 (hardcover : alk. paper)
040 _aDNLM/DLC
_cDNLM
_dDLC
050 0 0 _aRC591
_b.I536 1997
060 1 0 _aW1 LU62 v.92 1997
_aWF 553 I55 1997
082 0 0 _aWF 3531 4r 1997
245 0 0 _aInhaled glucocorticoids in asthma :
_bmechanisms and clinical actions /
_cedited by Robert P. Schleimer, William W. Busse, Paul M. O'Byrne.
260 _aNew York :
_bDekker,
_cc1997.
300 _axxvi, 773 p. :
_bill. ;
_c24 cm.
440 0 _aLung biology in health and disease ;
_vv. 97
_916328
504 _aIncludes bibliographical references and index.
650 0 _aAsthma
_xHormone therapy.
_916329
650 0 _aGlucocorticoids
_xTherapeutic use.
_916330
650 1 2 _aAsthma
_xdrug therapy.
_916331
650 2 2 _aGlucocorticoids
_xpharmacology.
_916332
700 1 _aSchleimer, Robert P.
_916333
700 1 _aBusse, W. W.
_q(William W.)
_916334
700 1 _aO'Byrne, Paul M.,
_d1951-
_916335
856 4 2 _3Publisher description
_uhttp://www.loc.gov/catdir/enhancements/fy0647/96032804-d.html
906 _a7
_bcbc
_corignew
_d1
_eocip
_f19
_gy-gencatlg
942 _2z
_cO_SHELF